Welcome to CU Library Online Public Access Catalogue (OPAC)

Quantitative Methods for Business Decisions (Record no. 4578)

MARC details
000 -LEADER
fixed length control field 00568nam a22001937a 4500
005 - DATE AND TIME OF LATEST TRANSACTION
control field 20250308105437.0
008 - FIXED-LENGTH DATA ELEMENTS--GENERAL INFORMATION
fixed length control field 250308b |||||||| |||| 00| 0 eng d
020 ## - INTERNATIONAL STANDARD BOOK NUMBER
International Standard Book Number 9781844805747
050 ## - LIBRARY OF CONGRESS CALL NUMBER
Classification number HF5691
Item number .C87 CUR
100 ## - MAIN ENTRY--PERSONAL NAME
Personal name Curwin Jon
245 ## - TITLE STATEMENT
Title Quantitative Methods for Business Decisions
Statement of responsibility, etc. Jon Curwin & Roger Slater
250 ## - EDITION STATEMENT
Edition statement 6th Ed.
260 ## - PUBLICATION, DISTRIBUTION, ETC.
Place of publication, distribution, etc. Australia
Name of publisher, distributor, etc. South-Western/Cengage Learning
Date of publication, distribution, etc. 2008
300 ## - PHYSICAL DESCRIPTION
Extent xix. 790p.
Other physical details ill. col.
Dimensions 23 cm
500 ## - GENERAL NOTE
General note Includes Index
650 ## - SUBJECT ADDED ENTRY--TOPICAL TERM
Source of heading or term Management
700 ## - ADDED ENTRY--PERSONAL NAME
Personal name Slater Roger
942 ## - ADDED ENTRY ELEMENTS (KOHA)
Source of classification or shelving scheme Library of Congress Classification
Koha item type Books
Edition 6th Ed.
Suppress in OPAC No
999 ## -
-- 4578
-- 4578
Holdings
Withdrawn status Lost status Source of classification or shelving scheme Damaged status Not for loan Collection Home library Current library Shelving location Date acquired Total checkouts Full call number Barcode Date last seen Copy number Price effective from Koha item type
    Library of Congress Classification     Non-fiction Business Library (Miotso) Business Library (Miotso) General stacks 03/08/2025   HF5691 .C87 CUR BSSM00001221 03/08/2025 1 03/08/2025 Books
    Library of Congress Classification     Non-fiction Business Library (Miotso) Business Library (Miotso) General stacks 03/08/2025   HF5691 .C87 CUR BSSM00001222 03/08/2025 2 03/08/2025 Books
    Library of Congress Classification     Non-fiction Business Library (Miotso) Business Library (Miotso) General stacks 03/08/2025   HF5691 .C87 CUR BSSM00001223 03/08/2025 3 03/08/2025 Books
    Library of Congress Classification     Non-fiction Business Library (Miotso) Business Library (Miotso) General stacks 03/08/2025   HF5691 .C87 CUR BSSM00001224 03/08/2025 4 03/08/2025 Books
    Library of Congress Classification       Graduate Library (Christ Temple) Graduate Library (Christ Temple) General stacks 02/23/2026   HF 5691.C87 CUR gsct00002845 02/23/2026   02/23/2026 Books
    Library of Congress Classification       Graduate Library (Christ Temple) Graduate Library (Christ Temple) General stacks 02/23/2026   HF 5691.C87 CUR gsct00002846 02/23/2026   02/23/2026 Books
    Library of Congress Classification       Graduate Library (Christ Temple) Graduate Library (Christ Temple) General stacks 02/24/2026   HF 6591.C87 CUR gsct00002922 02/24/2026   02/24/2026 Books
© 2023-2024 Copyright: Central University Libraries. All Rights Reserved | Created by: Mahone Tech Office